[Event "ch-FIN"]
[Site "Mantta FIN"]
[Date "2008.06.09"]
[Round "8"]
[White "Nyysti,S"]
[Black "Kosmo,S"]
[Result "1/2-1/2"]
[WhiteElo "2378"]
[BlackElo "2219"]

1.Nf3 Nf6 2.c4 g6 3.Nc3 Bg7 4.e4 d6 5.d4 O-O 6.Be2 e5 7.dxe5 dxe5 8.Qxd8 Rxd8
9.Bg5 Re8 10.h3 c6 11.Nd2 Nbd7 12.Be3 Nf8 13.c5 Ne6 14.Nc4 Nd4 15.Bd3 Nd7
16.Nd6 Rf8 17.Nxc8 Rfxc8 18.Na4 b5 19.cxb6 axb6 20.Nc3 Nc5 21.Rd1 Nxd3+ 22.Rxd3 b5
23.a3 Rd8 24.Rd1 Nc2+ 25.Ke2 Nd4+ 26.Kd2 Nf5+ 27.Kc2 Nxe3+ 28.fxe3 Bh6 29.Rd3 Kf8
30.g4 Ke7 31.Na2 Rxd3 32.Kxd3 Ke6 33.Rc1 Rc8 34.Nb4 c5 35.Nd5 f5 36.gxf5+ gxf5
37.Nc3 f4 38.Nxb5 fxe3 39.Nc3 c4+ 40.Ke2 Rg8 41.Rc2 Rg2+ 42.Kd1 Rg1+ 43.Ke2 Rh1
44.Kf3 Rxh3+ 45.Kg2 Rh4 46.Ne2 Rxe4 47.b3 Bf8 48.Kf3 cxb3 49.Rc6+ Kd7 50.Rb6 Ra4
51.Rxb3 Bd6 52.Rb7+ Ke6 53.Rxh7 Rxa3 54.Ke4 Ra2 55.Rh6+ Kd7 56.Rh2 Ra4+ 57.Kxe3 Bc5+
58.Kd3 e4+ 59.Kc3 Bd6 60.Rh6 Be5+ 61.Kd2 Ra3 62.Rg6 Rd3+ 63.Ke1 Bd6 64.Rg4 Bb4+
65.Kf1 Rd1+ 66.Kg2 Bd6  1/2-1/2

[Event "ch-Panamerican U20"]
[Site "Cali COL"]
[Date "2008.06.12"]
[Round "4"]
[White "Macias Murillo,B"]
[Black "Fernandez,Fe"]
[Result "0-1"]
[WhiteElo "2218"]
[BlackElo "2231"]

1.d4 Nf6 2.c4 g6 3.Nc3 Bg7 4.e4 d6 5.Nf3 O-O 6.Be2 e5 7.d5 a5 8.Bg5 Na6 9.Nd2 Qe8
10.a3 Bd7 11.b3 h6 12.Bxf6 Bxf6 13.Bg4 Bg7 14.Bxd7 Qxd7 15.O-O h5 16.Rb1 Nc5
17.Qe2 Bh6 18.Nf3 f5 19.b4 axb4 20.axb4 Nxe4 21.Nxe4 fxe4 22.Qxe4 Qg4 23.Qe2 e4
24.Nd4 Qxe2 25.Nxe2 e3 26.f3 Ra2 27.Rfe1 Rfa8 28.Kf1 Rd2 29.Ra1 Rxa1 30.Rxa1 Kf7
31.g3 Kf6 32.Ra7 Rd1+ 33.Kg2 Re1 34.Ng1 e2 35.Kf2 Rxg1 36.Kxe2 Rc1 37.Kd3 b5
38.Rxc7 bxc4+  0-1

[Event "IM"]
[Site "Perm RUS"]
[Date "2008.06.14"]
[Round "4"]
[White "Hojamgulyev,B"]
[Black "Terekhin,A"]
[Result "0-1"]
[WhiteElo "2256"]
[BlackElo "2336"]

1.d4 Nf6 2.Nf3 g6 3.c4 Bg7 4.Nc3 O-O 5.e4 d6 6.Be2 e5 7.d5 Na6 8.h3 Nc5 9.Qc2 a5
10.Be3 b6 11.g4 Bd7 12.O-O-O a4 13.Nd2 c6 14.Bxc5 bxc5 15.Rdg1 Ne8 16.h4 h6
17.g5 h5 18.Nf1 f5 19.Bf3 Nc7 20.exf5 Bxf5 21.Be4 cxd5 22.cxd5 a3 23.Ng3 axb2+
24.Kb1 Bxe4 25.Ngxe4 Rf4 26.Rh3 Qc8 27.Rgg3 Qa6 28.Rg1 Nb5 29.Kxb2 Nxc3  0-1

[Event "Serbia Cup"]
[Site "Zlatibor SRB"]
[Date "2008.06.17"]
[Round "2"]
[White "Mihic,B"]
[Black "Stoimenov,I"]
[Result "0-1"]
[WhiteElo "2394"]
[BlackElo "2077"]

1.Nf3 Nf6 2.c4 g6 3.Nc3 Bg7 4.e4 d6 5.d4 O-O 6.Be2 Nbd7 7.O-O e5 8.Be3 a5
9.d5 Ne8 10.Ne1 f5 11.f3 Nc5 12.Nd3 Qe7 13.a3 Nf6 14.b4 axb4 15.axb4 Rxa1
16.Qxa1 Nb3 17.Qa2 Nd4 18.c5 fxe4 19.fxe4 Ng4 20.Rxf8+ Bxf8 21.Bxg4 Bxg4
22.h3 Bd7 23.c6 bxc6 24.dxc6+ Be6 25.Nd5 Qf7 26.Bxd4 exd4 27.N3f4 Qxf4 28.b5 Qc1+
29.Kh2 Bh6 30.Qa8+ Kf7 31.Qd8 Bxd5 32.Qxc7+ Kg8 33.exd5 Bf4+ 34.g3 Qd2+ 35.Kh1 Qe1+
36.Kg2 Qe2+ 37.Kh1 Qf1+ 38.Kh2 Qf2+ 39.Kh1 Qf3+ 40.Kg1 Be3+  0-1

[Event "Open"]
[Site "Teplice CZE"]
[Date "2008.06.18"]
[Round "5"]
[White "Bartos,J"]
[Black "Horyna,J"]
[Result "1-0"]
[WhiteElo "2192"]
[BlackElo "1929"]

1.d4 Nf6 2.Nf3 g6 3.c4 Bg7 4.Nc3 d6 5.e4 O-O 6.Be2 e5 7.dxe5 dxe5 8.Qxd8 Rxd8
9.Bg5 Re8 10.Nd5 Nxd5 11.cxd5 c6 12.Bc4 b5 13.Bb3 c5 14.a4 c4 15.Bd1 f5 16.axb5 Bb7
17.Nd2 fxe4 18.Nxe4 Bxd5 19.Bf3 Nd7 20.Nd6 Bxf3 21.Nxe8 Rxe8 22.gxf3 e4 23.Rxa7 Ne5
24.Be3 Nxf3+ 25.Kd1 Bxb2 26.b6 Be5 27.b7 Bb8 28.Ra8 Ne5 29.Bf4 Kf7 30.Bxe5 Bxe5
31.Rxe8 Kxe8 32.Kc2 Kd7 33.Rb1  1-0

[Event "Open"]
[Site "Teplice CZE"]
[Date "2008.06.18"]
[Round "5"]
[White "Luch,M"]
[Black "Hadraba,V"]
[Result "1/2-1/2"]
[WhiteElo "2383"]
[BlackElo "2211"]

1.d4 Nf6 2.c4 g6 3.Nc3 Bg7 4.e4 d6 5.Nf3 O-O 6.Be2 e5 7.Be3 Nbd7 8.d5 Ng4
9.Bg5 f6 10.Bd2 Nh6 11.Qc1 Nf7 12.Qc2 a5 13.O-O Bh6 14.a3 Bxd2 15.Nxd2 Nh6
16.b4 f5 17.Nb3  1/2-1/2

[Event "FSIM June"]
[Site "Budapest HUN"]
[Date "2008.06.19"]
[Round "13"]
[White "Schmidt,Rau"]
[Black "Galyas,M"]
[Result "1/2-1/2"]
[WhiteElo "2343"]
[BlackElo "2455"]

1.Nf3 Nf6 2.c4 g6 3.Nc3 Bg7 4.e4 d6 5.d4 O-O 6.Be2 e5 7.O-O Na6 8.Be3 Ng4
9.Bg5 Qe8 10.c5 h6 11.Bh4 exd4 12.Nd5 g5 13.Bxa6 gxh4 14.Nxc7 Qc6 15.Nxa8 bxa6
16.cxd6 Qxa8 17.h3 Qxe4 18.hxg4 Bxg4 19.Re1 Qd5 20.Qd3 h3 21.Qe4 Qh5 22.Nh2 Be6
23.Qf3 Qc5 24.Qg3 Kh8 25.Rac1 Qd5 26.b4 Rg8 27.Rc5 Qb7 28.Qf3 Qxb4 29.Rec1 Bf8
30.a3 Qd2 31.Nf1 Rxg2+ 32.Qxg2 Qxc1 33.Rxc1 hxg2 34.Nd2 Bxd6 35.Nf3 Bxa3
36.Rd1 Bg4  1/2-1/2

[Event "8th TCh-Euro U18"]
[Site "Szeged HUN"]
[Date "2008.06.19"]
[Round "5"]
[White "Prohaszka,P2"]
[Black "Saric,Iv"]
[Result "1/2-1/2"]
[WhiteElo "2506"]
[BlackElo "2500"]

1.d4 Nf6 2.c4 g6 3.Nc3 Bg7 4.e4 d6 5.Be2 O-O 6.Be3 e5 7.Nf3 Na6 8.O-O Ng4
9.Bg5 Qe8 10.dxe5 dxe5 11.h3 h6 12.Bd2 Nf6 13.Be3 Qe7 14.a3 c6 15.b4 Nh5
16.Re1 Nf4 17.Bxf4 exf4 18.e5 Nc7 19.c5 a5 20.Qd6 Re8 21.Bc4 Bf5 22.Rad1 axb4
23.axb4 Ne6 24.Qxe7 Rxe7 25.Ne4 Bxe4 26.Rxe4 g5 27.g4 fxg3 28.fxg3 Nf8 29.h4 gxh4
30.gxh4 Rae8 31.Rf1 Nd7 32.Rf4 Bxe5 33.Bxf7+ Rxf7 34.Rxf7 Kxf7 35.Nxe5+ Ke6
36.Nxd7 Kxd7 37.Rd1+ Kc7 38.Rd4 Re2 39.Rf4 Rb2 40.Rf6 Rxb4 41.Rxh6 Rc4 42.Rh5 b5  1/2-1/2

[Event "Marshall NY Int"]
[Site "New York USA"]
[Date "2008.06.21"]
[Round "2"]
[White "Bonin,J"]
[Black "Liu,E"]
[Result "0-1"]
[WhiteElo "2368"]
[BlackElo "2252"]

1.d4 Nf6 2.Nf3 g6 3.c4 Bg7 4.Nc3 O-O 5.e4 d6 6.Be2 e5 7.dxe5 dxe5 8.Qxd8 Rxd8
9.Bg5 Re8 10.Nd5 Nxd5 11.cxd5 c6 12.Bc4 cxd5 13.Bxd5 Nd7 14.Nd2 Nc5 15.Ke2 Ne6
16.Be3 Nf4+ 17.Bxf4 exf4 18.Rac1 Bxb2 19.Rc7 Be6 20.Bxe6 Rxe6 21.Rb1 Be5
22.Rcxb7 Ra6 23.Nf3 Rxa2+ 24.Kf1 Bc3 25.Rb8+ Rxb8 26.Rxb8+ Kg7 27.Rb7 h6
28.e5 Kf8 29.Rc7 Ba1 30.h4 a5 31.Rc4 a4 32.Rxf4 a3 33.Ra4 Bc3 34.g4 Ke7 35.h5 gxh5
36.gxh5 Ke6 37.Ra6+ Kd5 38.Rxh6 Rc2 39.Rd6+ Ke4 40.Ng5+ Kf5 41.Nxf7 a2 42.Rf6+ Ke4
43.Ra6 Rc1+ 44.Kg2 a1=Q 45.Rxa1 Rxa1 46.e6 Bf6 47.h6 Kf5 48.h7 Kxe6 49.h8=Q Bxh8
50.Nxh8 Kf6  0-1

[Event "White Nights Open"]
[Site "St Petersburg RUS"]
[Date "2008.06.21"]
[Round "1"]
[White "Khuseinkhodzhaev,M"]
[Black "Ermolov,V"]
[Result "1-0"]
[WhiteElo "2397"]
[BlackElo "2035"]

1.Nf3 Nf6 2.d4 g6 3.c4 Bg7 4.Nc3 d6 5.e4 O-O 6.Be2 Nbd7 7.O-O e5 8.Qc2 Re8
9.d5 a5 10.Bg5 h6 11.Bh4 g5 12.Bg3 Nf8 13.h4 Nh5 14.hxg5 hxg5 15.Nh2 Nf4
16.Bg4 Nh7 17.Nd1 Nf6 18.Bxc8 Qxc8 19.Ne3 c6 20.Nf3 cxd5 21.exd5 Nh7 22.Rfe1 Rb8
23.Nf5 Bf8 24.Rac1 b5 25.Bxf4 gxf4 26.c5 e4 27.Rxe4 Qxf5 28.Rxe8 Qxc2 29.Rxf8+ Kxf8
30.Rxc2 Nf6 31.cxd6 Nxd5 32.Rc5 Nf6 33.Nd4 Ne4 34.Rd5 Nf6 35.Rf5 Nd7 36.Nxb5 f3
37.b3 fxg2 38.Rh5 Kg7 39.Nc7 a4 40.bxa4 Rb4 41.a5 Ra4 42.a6 Rxa2 43.Kxg2 Kf6
44.Rb5 Nf8 45.Rb7 Ne6 46.Nxe6 Kxe6 47.d7 Ke7 48.a7  1-0

[Event "8th TCh-Euro U18"]
[Site "Szeged HUN"]
[Date "2008.06.21"]
[Round "7"]
[White "Salgado Lopez,I"]
[Black "Toth,E"]
[Result "1/2-1/2"]
[WhiteElo "2501"]
[BlackElo "2407"]

1.d4 Nf6 2.c4 g6 3.Nc3 Bg7 4.e4 d6 5.Nf3 O-O 6.Be2 e5 7.d5 Na6 8.Bg5 h6 9.Bh4 Qe8
10.Nd2 Bd7 11.O-O Nc5 12.Bxf6 Bxf6 13.Bg4 Bg5 14.Bxd7 Qxd7 15.Nf3 f5 16.Re1 a5
17.b3 Bf4 18.Qc2 g5 19.exf5 g4 20.Nd2 Bxd2 21.Qxd2 Qxf5 22.Re2  1/2-1/2

[Event "XXVI Balatoni Sakkfesztival IM"]
[Site "Balatonlelle HUN"]
[Date "2008.06.22"]
[Round "10"]
[White "Hess,C1"]
[Black "Wittmann,W"]
[Result "1/2-1/2"]
[WhiteElo "2281"]
[BlackElo "2279"]

1.c4 Nf6 2.Nc3 g6 3.e4 d6 4.d4 Bg7 5.Be2 O-O 6.Nf3 e5 7.d5 Nbd7 8.Bg5 h6
9.Bh4 a5 10.Nd2 Qe7  1/2-1/2

[Event "White Nights Open"]
[Site "St Petersburg RUS"]
[Date "2008.06.22"]
[Round "2"]
[White "Malinovsky,I"]
[Black "Barhudarian,R"]
[Result "0-1"]
[WhiteElo "1910"]
[BlackElo "2293"]

1.d4 Nf6 2.c4 d6 3.Nf3 Nbd7 4.Nc3 e5 5.e4 g6 6.Be2 Bg7 7.O-O O-O 8.Re1 c6
9.h3 Re8 10.Be3 Qc7 11.Qc2 a5 12.Rad1 exd4 13.Bxd4 Ne5 14.c5 Nxf3+ 15.Bxf3 dxc5
16.Bxc5 Be6 17.b3 Rad8 18.Na4 Qe5 19.Bb6 Rxd1 20.Rxd1 Nd7 21.Bd4 Qg5 22.Be3 Qf6
23.Bd4 Ne5 24.Bxe5 Qxe5 25.Qc5 Qf4 26.Rd3 h5 27.Qxa5 b5 28.Nc3 Be5 29.Ne2 Qh2+
30.Kf1 Qh1+ 31.Ng1 Bh2 32.Rd1 Bxg1 33.Ke2 Qh2 34.Qe1 Ra8 35.Rd2 c5 36.Rc2 c4
37.b4 c3 38.Kf1 Qh1 39.Ke2 Bc4+ 40.Ke3 Rd8 41.Rxc3 Qh2 42.g3 Qxg3  0-1

[Event "Serbia Cup"]
[Site "Zlatibor SRB"]
[Date "2008.06.22"]
[Round "7"]
[White "Nestorovic,De"]
[Black "Markus,Rob"]
[Result "0-1"]
[WhiteElo "2426"]
[BlackElo "2557"]

1.d4 Nf6 2.c4 g6 3.Nc3 Bg7 4.e4 d6 5.Nf3 O-O 6.Be2 e5 7.O-O Nbd7 8.Re1 c6
9.Bf1 Re8 10.d5 c5 11.a3 Re7 12.Bg5 h6 13.Be3 Nf8 14.h3 Kh8 15.Nh2 Ng8 16.Qd2 f5
17.exf5 gxf5 18.f4 Ng6 19.fxe5 Nxe5 20.Kh1 Bd7 21.Bd3 Qe8 22.Bf4 Qh5 23.Rf1 Rae8
24.Rf2 Nf6 25.Raf1 Ne4 26.Nxe4 fxe4 27.Be2 Qh4 28.Qe1 Nd3 29.Bxd3 exd3 30.Qd1 Re1
31.Rxe1 Qxf2 32.Rf1 Qe2 33.Nf3 Re4 34.Bxd6 Rxc4 35.Re1 Qxd1 36.Rxd1 Bf5 37.b4 b6
38.bxc5 bxc5 39.Kg1 Rc2 40.Be5 Re2 41.Bxg7+ Kxg7 42.d6 Kf6 43.Rc1 Be4 44.d7 Ke7
45.Kf1 Bxf3 46.gxf3 Rc2  0-1

[Event "22th Open"]
[Site "Pula CRO"]
[Date "2008.06.23"]
[Round "3"]
[White "Jankovic,A"]
[Black "Orak,L"]
[Result "1-0"]
[WhiteElo "2528"]
[BlackElo "2315"]

1.d4 Nf6 2.c4 g6 3.Nc3 Bg7 4.e4 d6 5.Nf3 O-O 6.Be2 e5 7.O-O Na6 8.Re1 c6
9.Bf1 Bg4 10.d5 Nb4 11.Be2 a5 12.a3 Na6 13.h3 Bd7 14.Bg5 h6 15.Be3 c5 16.Nd2 Ne8
17.f4 f5 18.exf5 gxf5 19.Bd3 e4 20.Be2 Nac7 21.Kh2 Nf6 22.g3 Qe8 23.g4 b5
24.gxf5 Bxf5 25.cxb5 Ncxd5 26.Bc4 Be6 27.Ndxe4 Nxc3 28.Bxe6+ Qxe6 29.Nxc3 Rae8
30.Bf2 Qf5 31.Rxe8 Rxe8 32.Qxd6 Ne4 33.Nxe4 Rxe4 34.Rg1 Rxf4 35.Bxc5 Rf3
36.Qxh6 Qe5+ 37.Kh1 Rg3 38.Rxg3 Qxg3 39.Qe3 Qg6 40.b6 Qc6+ 41.Kh2 Bxb2 42.Qb3+ Kh7
43.Qc2+  1-0

[Event "White Nights Open"]
[Site "St Petersburg RUS"]
[Date "2008.06.23"]
[Round "3"]
[White "Averjanov,S"]
[Black "Fedoseev,S"]
[Result "0-1"]
[WhiteElo "2027"]
[BlackElo "2175"]

1.d4 Nf6 2.c4 g6 3.Nc3 Bg7 4.e4 d6 5.Nf3 O-O 6.Be2 Na6 7.O-O e5 8.Be3 Qe8
9.d5 Nc5 10.Nd2 a5 11.b3 Nfd7 12.a3 f5 13.f3 f4 14.Bf2 Nf6 15.Rb1 g5 16.b4 axb4
17.axb4 Na6 18.c5 Qg6 19.cxd6 cxd6 20.Nb5 g4 21.fxg4 Nxg4 22.Bf3 Nxf2 23.Rxf2 Bd7
24.Qe2 Rfc8 25.Qd3 Nc7 26.Nc3 b5 27.Nb3 Na6 28.Nd2 Rab8 29.Na2 Qg5 30.Qa3 Ra8
31.Qd3 Qd8 32.Kf1 Qb6 33.Nb3 Rc4 34.Rc2 Nxb4 35.Nxb4 Rxb4 36.Qd2 Rc4 37.Rbc1 Rac8
38.Be2 Rxc2 39.Rxc2 Rxc2 40.Qxc2 Bf6 41.Bf3 b4 42.Qf2 Qa6+ 43.Be2 Qa2 44.Bc4 Qa3
45.Qb6 Be7 46.Qb7 Qa4 47.Qb8+ Kg7 48.Qb7 h5 49.h3 f3 50.gxf3 Bxh3+ 51.Kg1 Bd7
52.Qb6 Be8 53.Qf2 Qd7 54.Qg2+ Bg6 55.Na5 Qa7+  0-1

[Event "White Nights Open"]
[Site "St Petersburg RUS"]
[Date "2008.06.23"]
[Round "3"]
[White "Khuseinkhodzhaev,M"]
[Black "Bocharov,L"]
[Result "1-0"]
[WhiteElo "2397"]
[BlackElo "2192"]

1.Nf3 Nf6 2.c4 g6 3.Nc3 Bg7 4.e4 d6 5.d4 O-O 6.Be2 e5 7.dxe5 dxe5 8.Qxd8 Rxd8
9.Bg5 Re8 10.O-O-O Bg4 11.Nd5 Nxd5 12.cxd5 Nd7 13.h3 Bxf3 14.gxf3 a6 15.Kb1 Bf8
16.Rc1 Bd6 17.Bd1 Nc5 18.Bc2 a5 19.Bh6 f6 20.h4 Kf7 21.Be3 b6 22.Bd1 Rh8
23.Be2 h6 24.Bb5 Rag8 25.b3 f5 26.exf5 gxf5 27.f4 Ne4 28.Bd7 Kf6 29.fxe5+ Bxe5
30.f4 Bc3 31.Rhd1 Rh7 32.Be6 Rg2 33.Rd3 c5 34.Rdxc3 Nxc3+ 35.Rxc3 Rhg7 36.Rc2 Rxc2
37.Kxc2 Rg4 38.Bd2 Rxh4 39.Bc3+ Ke7 40.Be5 Rh2+ 41.Kd3 a4 42.Bxf5  1-0

[Event "22th Open"]
[Site "Pula CRO"]
[Date "2008.06.25"]
[Round "6"]
[White "Jovanic,O"]
[Black "Orak,L"]
[Result "1-0"]
[WhiteElo "2504"]
[BlackElo "2315"]

1.d4 Nf6 2.Nf3 g6 3.c4 Bg7 4.Nc3 O-O 5.e4 d6 6.Be2 e5 7.Be3 Na6 8.O-O Ng4
9.Bg5 Qe8 10.dxe5 dxe5 11.h3 f6 12.Bd2 Nh6 13.c5 Nxc5 14.Qc1 Nf7 15.Nd5 Ne6
16.Nxc7 Nxc7 17.Qxc7 Nd8 18.b4 Rf7 19.Qc2 Be6 20.Qb2 Rc7 21.Rfc1 Rac8 22.Rxc7 Rxc7
23.Be3 b6 24.a4 Nf7 25.a5 b5 26.Rc1 Rxc1+ 27.Qxc1 a6 28.Qc7 Bf8 29.Qb6 Qc8
30.Bc5 Bxc5 31.bxc5 Nd8 32.Ne1 Nc6 33.Nc2 Kf7 34.Ne3 Ne7 35.Bf3 Nc6 36.Nd5 Nd4
37.Bg4 Qc6 38.Qa7+  1-0

[Event "IV Open"]
[Site "Sort ESP"]
[Date "2008.06.25"]
[Round "2"]
[White "Delchev,A"]
[Black "Lorenzo de la Riva,L"]
[Result "1-0"]
[WhiteElo "2639"]
[BlackElo "2366"]

1.d4 Nf6 2.Nf3 g6 3.c4 Bg7 4.Nc3 O-O 5.e4 d6 6.Be2 e5 7.d5 a5 8.Bg5 h6 9.Bh4 Qe8
10.Nd2 Na6 11.a3 Bd7 12.b3 Nh7 13.O-O f5 14.f3 f4 15.Bf2 g5 16.b4 h5 17.c5 Qg6
18.c6 bxc6 19.dxc6 Be6 20.b5 Nc5 21.Bxc5 dxc5 22.Bc4 Bxc4 23.Nxc4 g4 24.Nd5 Rf7
25.Kh1 Ng5 26.Qe1 g3 27.hxg3 Ne6 28.gxf4 Nxf4 29.Nce3 Nxd5 30.Nxd5 Bh6 31.Qh4 Bg5
32.Qh3 a4 33.Rab1 c4 34.b6 Qxc6 35.bxc7 Kg7 36.Ra1  1-0

[Event "White Nights Open"]
[Site "St Petersburg RUS"]
[Date "2008.06.25"]
[Round "5"]
[White "Zhukov,K"]
[Black "Utkin,Alek"]
[Result "0-1"]
[WhiteElo "2123"]
[BlackElo "2420"]

1.d4 Nf6 2.c4 g6 3.Nc3 Bg7 4.e4 O-O 5.Nf3 d6 6.Be2 Nbd7 7.O-O e5 8.Be3 Re8
9.d5 Nh5 10.g3 Bf8 11.Ne1 Ng7 12.Nd3 f5 13.f3 Nf6 14.Kg2 Be7 15.Rc1 h5 16.c5 fxe4
17.fxe4 Ng4 18.Bxg4 Bxg4 19.Qd2 Qd7 20.Nf2 Rf8 21.Nxg4 Qxg4 22.h3 Qc8 23.Bg5 Qe8
24.Bxe7 Qxe7 25.Qh6 dxc5 26.d6 Qxd6 27.Rcd1 Qe6 28.Nd5 Rxf1 29.Rxf1 Rf8 30.Qg5 Rxf1
31.Kxf1 c6 32.Qd8+ Ne8 33.Kg2 cxd5 34.exd5 Qf7 35.d6 Kg7 36.d7 Nf6  0-1

[Event "White Nights Open"]
[Site "St Petersburg RUS"]
[Date "2008.06.25"]
[Round "5"]
[White "Ivanov,Vik3"]
[Black "Karalkin,M"]
[Result "0-1"]
[WhiteElo "2076"]
[BlackElo "2261"]

1.Nf3 g6 2.d4 Bg7 3.c4 d6 4.Nc3 Nf6 5.e4 O-O 6.Be2 e5 7.dxe5 dxe5 8.O-O Nbd7
9.Qc2 c6 10.Rd1 Qe7 11.h3 Nh5 12.Bg5 Qe6 13.Nh2 Nf4 14.Bg4 f5 15.exf5 gxf5
16.Be2 Nxe2+ 17.Qxe2 e4 18.f3 Ne5 19.fxe4 Nxc4 20.b3 Nd6 21.Rac1 fxe4 22.Be3 Nf5
23.Bc5 Re8 24.Ng4 b6 25.Bf2 e3 26.Be1 Nd4 27.Qd3 c5 28.Ne2 Bb7 29.Nxd4 cxd4
30.Rc7 Re7 31.Rdc1 h5 32.Nh2 Be4 33.Rxe7 Qxe7 34.Qe2 Rf8 35.Qc4+ Qf7 36.Bb4 Qxc4
37.Rxc4 Rf2 38.Nf3 Bxf3 39.gxf3 Rxf3 40.Kg2 Rf7 41.Rc8+ Kh7 42.Re8 Kg6 43.a4 Rf2+
44.Kg3 Rb2 45.Kf4 Rxb3 46.Re6+ Kf7 47.Re7+ Kf6 48.Bd6 Bh6+ 49.Kf3 d3 50.Re4 Rb1
51.Bf4 d2  0-1

[Event "White Nights Open"]
[Site "St Petersburg RUS"]
[Date "2008.06.25"]
[Round "5"]
[White "Chernov,Vl3"]
[Black "Fedoseev,S"]
[Result "0-1"]
[WhiteElo "2037"]
[BlackElo "2175"]

1.d4 Nf6 2.Nf3 g6 3.c4 Bg7 4.Nc3 O-O 5.e4 d6 6.Be2 Na6 7.O-O e5 8.Re1 Qe8
9.d5 Nc5 10.Qc2 a5 11.Nd2 Nfd7 12.Nb5 Qd8 13.g4 f5 14.gxf5 gxf5 15.f3 Nf6
16.Nb3 Nxb3 17.axb3 fxe4 18.fxe4 c6 19.Nc3 Qb6+ 20.Kg2 Nxd5 21.Bd1 Nf4+ 22.Kh1 Nh3
23.Be3 Qxe3 24.Rxe3 Rf1+ 25.Kg2 Rg1+  0-1

[Event "22th Open"]
[Site "Pula CRO"]
[Date "2008.06.27"]
[Round "8"]
[White "Vajdic,N"]
[Black "Saric,S"]
[Result "0-1"]
[WhiteElo "2268"]
[BlackElo "2348"]

1.d4 Nf6 2.c4 g6 3.Nc3 Bg7 4.e4 d6 5.Nf3 O-O 6.Be2 Na6 7.O-O e5 8.Re1 Qe8
9.Bf1 Bg4 10.d5 Nb4 11.Be2 a5 12.h3 Bd7 13.Nh2 Kh8 14.Bd2 Na6 15.Qc2 Nh5
16.Bxh5 gxh5 17.f4 f5 18.fxe5 dxe5 19.Nf3 Qe7 20.Be3 Nc5 21.Rf1 Ra6 22.Rae1 Rg6
23.Kh2 f4 24.Bf2 Bf6 25.Rg1 Rfg8 26.Rd1 b6 27.b3 Bc8 28.Qe2 Nb7 29.Nb5 Qd7
30.Bh4 Qe7 31.Bf2 R8g7 32.Na7 Bg4 33.Qd3 Bxf3 34.Qxf3 Bh4 35.Nc6 Qf6 36.Kh1 Bxf2
37.Qxf2 Rg3 38.Kh2 Nc5 39.Qb2 Nd7 40.Rdf1 Re3 41.Rf3 Rxe4 42.Qc2 Qg6 43.Nd8 Nf6
44.Ne6 Ng4+ 45.Kh1 Ne3 46.Qb2 Re7 47.Qb1 Nf5 48.Qb2 Nd4 49.Nxd4 Rxd4 50.Qa3 Re8
51.Qb2 Qf5 52.Rgf1 h6 53.Qf2 Kh7 54.Re1 Rg8 55.a3 Rg7 56.Rfe3 e4 57.Qb2 Rd3
58.Rxe4 Rxh3+ 59.Kg1 Rhg3 60.Re7 f3 61.Rxg7+ Rxg7 62.Qd4 Rxg2+ 63.Kf1 Qh3
64.Qe4+ Kh8 65.Qe5+ Kh7 66.Qe4+ Kh8 67.Qe5+ Rg7+ 68.Kf2 Qg2+ 69.Ke3 f2 70.Rf1 Qg3+
71.Qxg3 Rxg3+ 72.Ke4 Rg4+ 73.Ke3 Rg3+ 74.Ke4 Rxb3 75.Rxf2 Kg7 76.Kf5 Kf7
77.Ke5+ Ke7 78.Rh2 Rg3 79.Re2 Rg4 80.Kf5+ Kd7 81.Re6 Rxc4 82.Rxh6 Ra4 83.Rh7+ Kd6
84.Rh6+ Kxd5  0-1

[Event "Duras GM Teplarny"]
[Site "Brno CZE"]
[Date "2008.06.28"]
[Round "2"]
[White "Brener,I"]
[Black "Mista,A"]
[Result "0-1"]
[WhiteElo "2423"]
[BlackElo "2537"]

1.Nf3 Nf6 2.c4 g6 3.Nc3 Bg7 4.e4 d6 5.d4 O-O 6.Be2 e5 7.Be3 Nbd7 8.d5 Ng4
9.Bg5 f6 10.Bd2 f5 11.exf5 gxf5 12.Ng5 Nc5 13.b4 e4 14.h4 Nd3+ 15.Bxd3 exd3
16.O-O h6 17.Nf3 Ne5 18.Rc1 f4 19.Nxe5 Bxe5 20.Qh5 Qf6 21.Ne4 Qg7 22.Qf3 Bf5
23.Rfe1 Rae8 24.Kf1 Bg4 25.Qxd3 f3 26.Re3 fxg2+ 27.Kg1 Bf5 28.Bc3 Kh8 29.Bxe5 Rxe5
30.Qe2 Bg4 31.Qd2 Rh5 32.Qc3 Re5 33.Ng3 Qf6 34.Rc2 Bf3 35.Qd4 Kg8 36.Rcc3 Rxd5  0-1

[Event "International Open"]
[Site "Philadelphia USA"]
[Date "2008.06.28"]
[Round "4"]
[White "Karavade,E"]
[Black "Melekhina,A"]
[Result "1-0"]
[WhiteElo "2303"]
[BlackElo "2208"]

1.d4 Nf6 2.c4 g6 3.Nc3 Bg7 4.e4 d6 5.Nf3 O-O 6.Be2 e5 7.Be3 Nc6 8.d5 Ne7
9.Nd2 Nd7 10.f3 f5 11.b4 a5 12.a3 Nf6 13.bxa5 Rxa5 14.c5 dxc5 15.Nc4 Ra8
16.Bxc5 fxe4 17.fxe4 b6 18.Be3 Ne8 19.Qb3 Kh8 20.a4 Ba6 21.Rc1 Nc8 22.h4 Ned6
23.Nxd6 Nxd6 24.Bxa6 Rxa6 25.h5 gxh5 26.Nb5 Nxb5 27.axb5 Ra7 28.Rxh5 Qe8
29.Rf5 Qg6 30.Qc2 Ra3 31.Qf2 Rxf5 32.exf5 Qd6 33.Qd2 e4 34.Bf4 Qd7 35.Qb4 Rd3
36.f6 Rxd5 37.fxg7+ Qxg7 38.Rxc7 Qa1+ 39.Rc1 Qa5 40.Qxa5 bxa5 41.b6 Rb5 42.Rc8+ Kg7
43.Rc7+ Kg6 44.b7 Rb1+ 45.Kf2 Kf5 46.Rf7+ Ke6 47.Rxh7  1-0

[Event "White Nights Open"]
[Site "St Petersburg RUS"]
[Date "2008.06.28"]
[Round "8"]
[White "Yevseev,D"]
[Black "Sivokho,S"]
[Result "1/2-1/2"]
[WhiteElo "2512"]
[BlackElo "2467"]

1.d4 Nf6 2.Nf3 g6 3.c4 Bg7 4.Nc3 O-O 5.e4 d6 6.Be2 e5 7.Be3 Na6 8.O-O Ng4
9.Bg5 Qe8 10.Re1 exd4 11.Nxd4 Qe5 12.Nf3 Qc5 13.Bh4 Be6 14.Nd5 Rfe8 15.Nd2 Bxd5
16.cxd5 Nf6 17.Bxa6 bxa6 18.Rc1 Qb4 19.Rc4 Qxb2 20.Rxc7 Rac8 21.Nc4 Qb8 22.Rxc8 Rxc8
23.Na5 Rc5 24.Nc6 Qb2 25.Qb1 Rc2 26.Qxb2 Rxb2 27.f3 Nd7 28.Bg3 Ne5 29.Bxe5 Bxe5
30.Nxe5 dxe5 31.Rc1 Rxa2 32.Rc7 Kg7 33.h4 h5 34.Rxa7 Kf6 35.Kh2 a5 36.Kh3 Ra1
37.Ra6+  1/2-1/2

[Event "White Nights Open"]
[Site "St Petersburg RUS"]
[Date "2008.06.28"]
[Round "8"]
[White "Kopasov,A"]
[Black "Ivkina,O"]
[Result "0-1"]
[WhiteElo "2041"]
[BlackElo "2278"]

1.d4 Nf6 2.c4 g6 3.Nc3 Bg7 4.e4 d6 5.Be2 O-O 6.Nf3 Na6 7.O-O e5 8.Re1 c6
9.d5 c5 10.a3 Nh5 11.Bg5 f6 12.Bh4 Nf4 13.Nd2 Qd7 14.Bf1 h5 15.f3 g5 16.Bf2 Nc7
17.b4 b6 18.bxc5 dxc5 19.Qa4 Qf7 20.Nb5 Ne8 21.Qb3 Bd7 22.a4 a5 23.Nc3 Ra6
24.Rab1 Bh6 25.Qc2 g4 26.Rb2 Qg6 27.Kh1 Rf7 28.Reb1 f5 29.d6 h4 30.fxg4 fxg4
31.Bg1 Nh5 32.Nd5 Bxd2 33.Bf2 Bg5 34.Rxb6 Rxb6 35.Rxb6 g3 36.Bg1 Rxf1 37.h3 Qf7
38.Rb1 Nxd6 39.Nf6+ Qxf6 40.Rxf1 Qxf1 41.Qd1 Qf6 42.Qxh5 Nxe4 43.Be3 Qf1+  0-1

[Event "ChInt Open"]
[Site "Paris FRA"]
[Date "2008.06.30"]
[Round "3"]
[White "Bergez,L"]
[Black "David,Alb"]
[Result "0-1"]
[WhiteElo "2367"]
[BlackElo "2562"]

1.d4 Nf6 2.c4 g6 3.Nc3 Bg7 4.e4 d6 5.Nf3 O-O 6.Be2 e5 7.dxe5 dxe5 8.Qxd8 Rxd8
9.Bg5 Re8 10.O-O-O c6 11.Nxe5 Na6 12.f4 h6 13.Bh4 g5 14.fxg5 hxg5 15.Bg3 Nc5
16.Rdf1 Be6 17.Bf3 Rad8 18.Kc2 g4 19.Bd1 Nfxe4 20.Bf4 Bf5 21.Bxg4 Bh7 22.b4 Nxc3+
23.Kxc3 Rxe5 24.bxc5 Re2+ 25.Kb4 Rb2+ 26.Ka3 Rd3+ 27.Ka4 Rxa2+ 28.Kb4 a5+  0-1

[Event "International Open"]
[Site "Philadelphia USA"]
[Date "2008.06.30"]
[Round "8"]
[White "Karavade,E"]
[Black "Castaneda,N"]
[Result "1-0"]
[WhiteElo "2303"]
[BlackElo "2314"]

1.d4 Nf6 2.c4 g6 3.Nc3 Bg7 4.e4 d6 5.Nf3 O-O 6.Be2 e5 7.Be3 Nbd7 8.O-O Ng4
9.Bg5 f6 10.Bh4 Nh6 11.Qc2 c6 12.Rad1 Nf7 13.b4 a5 14.b5 Qb6 15.bxc6 bxc6
16.Na4 Qa7 17.Bg3 Ba6 18.Rfe1 Rab8 19.c5 Bxe2 20.Rxe2 dxc5 21.dxe5 fxe5 22.Red2 Rb7
23.Qc4 Nb6 24.Nxb6 Qxb6 25.Qe6 Qb4 26.Qxc6 Rb6 27.Qc7 Ng5 28.a3 Nxf3+ 29.gxf3 Qb5
30.Rd7 Bh6 31.Bxe5  1-0

[Event "XII Izmailov Mem"]
[Site "Tomsk RUS"]
[Date "2008.06.30"]
[Round "6"]
[White "Klimov,A"]
[Black "Kokarev,Dm"]
[Result "0-1"]
[WhiteElo "2394"]
[BlackElo "2579"]

1.d4 Nf6 2.c4 g6 3.Nc3 Bg7 4.e4 O-O 5.Be2 d6 6.Nf3 e5 7.O-O c6 8.d5 Na6 9.Be3 Ng4
10.Bg5 f6 11.Bh4 c5 12.Ne1 Nh6 13.f3 g5 14.Bf2 f5 15.Nd3 f4 16.Rb1 Rf6 17.b4 Nxb4
18.Nxb4 cxb4 19.Rxb4 Rg6 20.h3 Nf7 21.Nb5 b6 22.Qa4 Bd7 23.Qa6 Qb8 24.Nc3 h5
25.a4 Qd8 26.Qb7 g4 27.hxg4 hxg4 28.fxg4 Bxg4 29.Bxg4 Rxg4 30.Rfb1 f3 31.g3 Rc8
32.Nb5 Rxe4 33.Nxa7 Rcxc4 34.Nc6 Qg5 35.Rxc4 Rxc4 36.Qc8+ Kh7 37.Qd7 Nh6
38.Rf1 Rc1 39.Qh3 e4  0-1

[Event "Sparkassen Open"]
[Site "Dortmund GER"]
[Date "2008.07.02"]
[Round "4"]
[White "Sondermann,D"]
[Black "Sieberg,R"]
[Result "1-0"]
[WhiteElo "2116"]
[BlackElo "2004"]

1.d4 Nf6 2.c4 g6 3.Nc3 Bg7 4.e4 d6 5.Nf3 O-O 6.Be2 Nbd7 7.O-O e5 8.d5 Nc5
9.Nd2 a5 10.Qc2 Ne8 11.Nb3 b6 12.Nxc5 bxc5 13.Bd2 f5 14.f3 fxe4 15.fxe4 Rxf1+
16.Rxf1 Nf6 17.Nb5 Bd7 18.Bg5 c6 19.Nc3 h6 20.Bh4 g5 21.Be1 cxd5 22.cxd5 Bg4
23.Bxg4 Nxg4 24.Qe2 Nf6 25.a4 Qd7 26.Nb5 Ne8 27.Rf3 Bf6 28.Rb3 Bd8 29.Qh5 Qh7
30.Qxe8+ Kg7 31.Qd7+ Kg8 32.Qxh7+  1-0

[Event "ch-PHI Finals"]
[Site "Mandaluyong PHI"]
[Date "2008.07.03"]
[Round "3"]
[White "Sadorra,J"]
[Black "Nolte,R"]
[Result "1/2-1/2"]
[WhiteElo "2470"]
[BlackElo "2522"]

1.d4 Nf6 2.c4 g6 3.Nc3 Bg7 4.e4 O-O 5.Nf3 d6 6.Be2 e5 7.O-O Na6 8.Be3 Ng4
9.Bg5 Qe8 10.c5 h6 11.Bh4 exd4 12.Nxd4 dxc5 13.Nb3 Nf6 14.Bxa6 bxa6 15.Nxc5 Rb8
16.Rb1 Qe5 17.Nd3 Qd4 18.Re1 Bb7 19.Qa4 Qxa4 20.Nxa4 Nxe4 21.Ndc5 Nxc5 22.Nxc5 Bc6
23.b3 a5 24.Rec1 Rb6 25.Bg3 Rc8 26.f3 Bd4+ 27.Bf2 Bxf2+ 28.Kxf2 Bb5 29.Rb2 Re8
30.a4 Bc6 31.Rd2 Kg7 32.Nd3 Rd8 33.Ke2 Bd5 34.Nf4 Re8+ 35.Kf2 Bxb3 36.Rxc7 Rb4
37.Kg3 g5 38.Ne2 Rxa4 39.Nd4 Be6 40.Rxa7 Kf6 41.Nxe6 fxe6 42.Rd6  1/2-1/2